Greece : Athens & the Mainland
Saved in:
| Other Authors: | |
|---|---|
| Format: | Book |
| Language: | English |
| Published: |
London :
Dorling Kindersley,
c1997
|
| Series: | Eyewitness travel guides
|
| Subjects: | |
| Tags: |
Add Tag
No Tags, Be the first to tag this record!
|
MARC
| LEADER | 00000nam a2200000 i 4500 | ||
|---|---|---|---|
| 001 | 1/81188 | ||
| 008 | 990514s1997 eng d | ||
| 020 | |a 0-7513-0404-2 | ||
| 035 | |l 10050826 | ||
| 040 | |a GR-MY-UA |b gre |e aacr | ||
| 041 | 0 | |a eng | |
| 082 | 0 | |a 914.95 | |
| 245 | 1 | 0 | |a Greece : |b Athens & the Mainland / |c Marc Dubin |
| 260 | |a London : |b Dorling Kindersley, |c c1997 | ||
| 300 | |a 352 p. |b illustrated ; maps | ||
| 490 | 1 | |a Eyewitness travel guides | |
| 500 | |a Ancient sites, regional food, museums, countryside, towns, maps, mosaics, hotels, monasteries | ||
| 504 | |a Includes index | ||
| 651 | 0 | |a Greece |x Description and travel |x Guidebooks. | |
| 651 | 0 | |a Athens (Greece) |x Description and travel |x Guidebooks. | |
| 651 | 0 | |a Peloponnesus (Greece) |x Description and travel |x Guidebooks. | |
| 651 | 0 | |a Central Greece and Euboea (Greece) |x Description and travel |x Guidebooks. | |
| 700 | 1 | |a Dubin, Marc S. |q (Marc Stephen) |4 edt | |
| 830 | 0 | |a Eyewitness travel guides | |
| 852 | |a INST |b CHIOS |e 19990514 |h 914.95 GRE |p 005200014362 |q 005200014362 |t BK |y 0 | ||
| 901 | |a BIBL2-1999-2 | ||
| 909 | |a Χ |b 055783 | ||
| 922 | |a 2ΔΩΡ |b 199905 |d ΜΕΤΑΠΤΥΧΙΑΚΟ ΤΟΥΡΙΣΜΟΥ | ||